Statistics for Twenty Countries - Which Are The Largest?

Click here to take the quiz!

General Stats

  • This quiz has been taken 30 times
  • The average score is 16 of 20

Answer Stats

Question Tile Select? % Correct
Select the ten largest nations on the list by area.Gabon
100%
Select the ten largest nations on the list by area.Croatia
100%
Select the ten largest nations on the list by area.Uganda
100%
Select the ten largest nations on the list by area.Taiwan
100%
Select the ten largest nations on the list by area.Costa Rica
95%
Select the ten largest nations on the list by area.Togo
95%
Select the ten largest nations on the list by area.Indonesia
91%
Select the ten largest nations on the list by area.Hungary
91%
Select the ten largest nations on the list by area.Peru
91%
Select the ten largest nations on the list by area.Kazakhstan
91%
Select the ten largest nations on the list by area.Tanzania
86%
Select the ten largest nations on the list by area.Mali
86%
Select the ten largest nations on the list by area.Bolivia
82%
Select the ten largest nations on the list by area.Tajikistan
82%
Select the ten largest nations on the list by area.Somalia
73%
Select the ten largest nations on the list by area.Kenya
68%
Select the ten largest nations on the list by area.Zambia
64%
Select the ten largest nations on the list by area.Iraq
50%
Select the ten largest nations on the list by area.Yemen
32%
Select the ten largest nations on the list by area.Thailand
27%

Score Distribution

Percentile by Number Answered

Percent of People with Each Score

Your Score History

You have not taken this quiz